| 000 | 00885nam a2200253Ia 4500 | ||
|---|---|---|---|
| 003 | OSt | ||
| 005 | 20220923214842.0 | ||
| 006 | a|||||r|||| 00| 0 | ||
| 007 | ta | ||
| 008 | 220922b |||||||| |||| 00| 0 hin d | ||
| 024 | _a173,304 | ||
| 037 | _cTextual | ||
| 040 |
_aARTS _cARTS _bhin |
||
| 041 |
_2hin _ahin |
||
| 082 | _aO152,6vN7, K9;M2 | ||
| 100 | _aशर्मा, मक्खन लाल | ||
| 245 | 0 |
_aहिन्दी रेखाचित्र _b सिद्धान्त और विकास |
|
| 246 | _aHindī rekhāchitra: siddhānta aur vikāsa | ||
| 260 |
_aदिल्ली _b शब्द और शब्द _c1982 |
||
| 300 |
_a311पृ. _ccm. |
||
| 650 |
_aहिन्दी साहित्य _9156264 |
||
| 942 |
_hO152,6vN7, K9;M2 _cTEXL _2CC |
||
| 999 |
_c327211 _d327211 |
||